Pokemon starting with the letter C - Statistics

General Stats
  • This quiz has been taken 40 times
  • The average score is 52 of 86
Answer Stats
Gen Answer % Correct
1 Charizard
95%
1 Charmander
90%
1 Charmeleon
90%
2 Chikorita
80%
3 Corphish
80%
1 Clefairy
75%
2 Cleffa
75%
8 Copperajah
75%
3 Crawdaunt
75%
2 Crobat
75%
2 Cyndaquil
75%
6 Carbink
70%
1 Chansey
70%
6 Chespin
70%
4 Chimchar
70%
1 Clefable
70%
3 Combusken
70%
2 Corsola
70%
2 Croconaw
70%
8 Cursola
70%
3 Cacnea
65%
3 Cacturne
65%
3 Camerupt
65%
4 Carnivine
65%
3 Cascoon
65%
3 Castform
65%
1 Caterpie
65%
9 Cetitan
65%
9 Cetoddle
65%
5 Chandelure
65%
9 Charcadet
65%
6 Chesnaught
65%
5 Cobalion
65%
5 Cofagrigus
65%
5 Cryogonal
65%
1 Cubone
65%
8 Cufant
65%
5 Carracosta
60%
2 Celebi
60%
4 Cherrim
60%
4 Cherubi
60%
8 Chewtle
60%
3 Chimecho
60%
2 Chinchou
60%
4 Chingling
60%
3 Clamperl
60%
6 Clauncher
60%
6 Clawitzer
60%
1 Cloyster
60%
8 Coalossal
60%
7 Crabrawler
60%
3 Cradily
60%
8 Cramorant
60%
4 Cranidos
60%
4 Cresselia
60%
9 Crocalor
60%
5 Crustle
60%
8 Carkol
55%
3 Carvanha
55%
7 Charjabug
55%
4 Chatot
55%
3 Claydol
55%
8 Corviknight
55%
8 Corvisquire
55%
7 Crabominable
55%
4 Croagunk
55%
7 Cutiefly
55%
7 Celesteela
50%
9 Ceruledge
50%
9 Chi-Yu
50%
5 Cinccino
50%
8 Cinderace
50%
5 Cubchoo
50%
9 Cyclizar
50%
9 Capsakid
45%
9 Chien-Pao
45%
9 Clodsire
45%
4 Combee
45%
8 Centiskorch
40%
8 Clobbopus
40%
7 Comfey
40%
5 Conkeldurr
40%
7 Cosmoem
40%
7 Cosmog
40%
8 Calyrex
35%
5 Cottonee
35%
No matching quizzes found
Score Distribution
Percent of People with Each Score
Percentile by Number Answered
Your Score History
You have not taken this quiz